000 00519nam a2200193 a 4500
001 1768888605015
003 YourLibrary
005 20260120141445.0
008 260120s2007##################000#0#eng##
020 _a9781412806183
082 0 4 _a303.48247073
_bSOR
100 1 _aSorokin, Pitirim Aleksandrovich,
_eauthor.
245 1 0 _aRussia and the United States :
260 _bTransaction Pub,
_c2007.
300 _a253 pages
650 0 _aHistory.
942 _cENGLISH
040 _aYourLibrary
_beng
_cYourLibrary
999 _c608616
_d608616